000 00552nam a2200217Ia 4500
003 OSt
005 20220928141835.0
006 a|||||r|||| 00| 0
007 ta
008 220927b |||||||| |||| 00| 0 eng d
024 _a18045
037 _cTextual
040 _aSDCL
_cSDCL
_beng
041 _2eng
_aeng
082 _aX:87, M2
100 _aMild George L
_9502468
245 0 _aSquat pear principle
_b Why managers rise or fall
260 _c1982
942 _hX:87, M2
_cTEXL
_2CC
999 _c820317
_d820317